Statistiques concernant Pays les plus peuplés d'Europe

Cliquez ici pour prendre le quiz!

Statistiques générales

  • Ce quiz a été pris 87 fois
  • Le résultat moyen est 10 sur 10

Statistiques - réponses

Population Pays % Correct
66,991,000France
100%
60,788,845Italie
100%
82,800,000Allemagne
100%
146,839,993Russie
100%
38,484,000Pologne
99%
46,449,565Espagne
99%
64,596,800Royaume-Uni
99%
42,726,067Ukraine
95%
77,695,904Turquie
87%
19,942,642Roumanie
84%

Distribution des résultats

Percentile by Number Answered

% des personnes avec chaque résultat

Votre développement - résultats

Vous n’avez pas pris ce quiz